Normal view
MARC view
- Gangal.J.k.etal.
Entry Personal Name
001 - CONTROL NUMBER
- control field: 2346
003 - CONTROL NUMBER IDENTIFIER
- control field: OSt
005 - DATE AND TIME OF LATEST TRANSACTION
- control field: 20170111154716.0
008 - FIXED-LENGTH DATA ELEMENTS
- fixed length control field: 170111|| aca||aabn | a|a d
040 ## - CATALOGING SOURCE
- Original cataloging agency: OSt
100 ## - HEADING--PERSONAL NAME
- Personal name: Gangal.J.k.etal.